Countries with the Most Traffic-Related Deaths - Statistics

General Stats
  • This quiz has been taken 48,467 times
  • The average score is 14 of 20
Answer Stats
Deaths Rate Country % Correct
39,888 14 United States
98%
261,367 104 China
97%
207,551 130 India
96%
46,935 58 Brazil
89%
16,981 50 Russia
89%
15,062 43 Mexico
87%
38,279 37 Indonesia
78%
25,781 284 Pakistan
77%
10,466 149 Egypt
75%
13,273 134 South Africa
74%
35,621 615 Nigeria
69%
22,491 60 Thailand
68%
16,426 54 Iran
67%
22,419 55 Vietnam
67%
21,316 1020 Bangladesh
66%
26,529 high DR Congo
57%
27,326 386 Ethiopia
48%
12,891 641 Kenya
45%
10,809 251 Myanmar
42%
16,211 1073 Tanzania
38%
No matching quizzes found
Score Distribution
Percent of People with Each Score
Percentile by Number Answered
Your Score History
You have not taken this quiz